Design of concrete structures (Record no. 3628)

000 -LEADER
fixed length control field 00663nam a2200229 a 4500
001 - CONTROL NUMBER
control field 3628
003 - CONTROL NUMBER IDENTIFIER
control field BD-DhUET
008 - FIXED-LENGTH DATA ELEMENTS--GENERAL INFORMATION
fixed length control field 850621s1985 enka b 101 0 eng
020 ## - INTERNATIONAL STANDARD BOOK NUMBER
International Standard Book Number 007Y665486
040 ## - CATALOGING SOURCE
Original cataloging agency DLC
Transcribing agency DLC
Modifying agency BD-DhUET
082 00 - DEWEY DECIMAL CLASSIFICATION NUMBER
Classification number 624.183
Item number NIL/1986
100 ## - MAIN ENTRY--PERSONAL NAME
Personal name Nilson, Arthur H.
245 00 - TITLE STATEMENT
Title Design of concrete structures
Statement of responsibility, etc. by Arthur H. Nilson and George Winter
250 ## - EDITION STATEMENT
Edition statement 10th ed.
260 ## - PUBLICATION, DISTRIBUTION, ETC. (IMPRINT)
Place of publication, distribution, etc. New York:
Name of publisher, distributor, etc. McGraw Hill Book Company,
Date of publication, distribution, etc. 1986.
300 ## - PHYSICAL DESCRIPTION
Extent xi, 380 p. :
Other physical details ill. ;
Dimensions 23 cm.
490 ## - SERIES STATEMENT
Series statement Civil engineering series
504 ## - BIBLIOGRAPHY, ETC. NOTE
Bibliography, etc Includes bibliographies
650 #0 - SUBJECT ADDED ENTRY--TOPICAL TERM
Topical term or geographic name as entry element Reinforced concrete
700 ## - ADDED ENTRY--PERSONAL NAME
Personal name Winter, George
942 ## - ADDED ENTRY ELEMENTS (KOHA)
Koha item type General Book
Holdings
Location (home branch) Koha full call number Piece designation (barcode) Koha normalized classification for sorting Koha issues (times borrowed) Shelving location Source of classification or shelving scheme Koha date last seen Lost status Sublocation or collection (holding branch) Not for loan Withdrawn status Date acquired Koha date last borrowed Koha out on loan Koha item type Koha renewals Price effective from Damaged status Copy number
Central Library, BUET624.183/NIL/198677873624_000000000000000_183NIL19866Circulation section 2026-02-23 Central Library, BUET  2014-11-022026-02-232027-02-23General Book12014-11-02 1
Central Library, BUET624.183 NIL/198677816624_183000000000000_NIL_1986 Rental section 2024-12-04 Central Library, BUET  1990-10-23  Rental Item 2024-12-04 ১০/ক-১
Central Library, BUET624.183 NIL/198677817624_183000000000000_NIL_1986 Rental section 2024-12-04 Central Library, BUET  1990-10-23  Rental Item 2024-12-04 ১০/ক-২
Central Library, BUET624.183 NIL/198677818624_183000000000000_NIL_1986 Rental section 2024-12-04 Central Library, BUET  1990-10-23  Rental Item 2024-12-04 ১০/ক-৩
Central Library, BUET624.183 NIL/198677819624_183000000000000_NIL_1986 Rental section 2024-12-04 Central Library, BUET  1990-10-23  Rental Item 2024-12-04 ১০/ক-৪
Central Library, BUET624.183 NIL/198677820624_183000000000000_NIL_1986 Rental section 2024-12-04 Central Library, BUET  1990-10-23  Rental Item 2024-12-04 ১০/ক-৫
Central Library, BUET624.183 NIL/198677821624_183000000000000_NIL_1986 Rental section 2024-12-04 Central Library, BUET  1990-10-23  Rental Item 2024-12-04 ১০/ক-৬
Central Library, BUET624.183 NIL/198677822624_183000000000000_NIL_1986 Rental section 2024-12-04 Central Library, BUET  1990-10-23  Rental Item 2024-12-04 ১০/ক-৭
Central Library, BUET624.183 NIL/198677823624_183000000000000_NIL_1986 Rental section 2024-12-04 Central Library, BUET  1990-10-23  Rental Item 2024-12-04 ১০/ক-৮
Central Library, BUET624.183 NIL/198677824624_183000000000000_NIL_1986 Rental section 2024-12-04 Central Library, BUET  1990-10-23  Rental Item 2024-12-04 ১০/ক-৯
Central Library, BUET624.183 NIL/198677825624_183000000000000_NIL_1986 Rental section 2024-12-04 Central Library, BUET  1990-10-23  Rental Item 2024-12-04 ১০/ক-১০
Central Library, BUET624.183 NIL/198677826624_183000000000000_NIL_1986 Rental section 2024-12-04 Central Library, BUET  1990-10-23  Rental Item 2024-12-04 ১০/ক-১১
Central Library, BUET624.183 NIL/198677827624_183000000000000_NIL_1986 Rental section 2024-12-04 Central Library, BUET  1990-10-23  Rental Item 2024-12-04 ১০/ক-১২
Central Library, BUET624.183 NIL/198677828624_183000000000000_NIL_1986 Rental section 2024-12-04 Central Library, BUET  1990-10-23  Rental Item 2024-12-04 ১০/ক-১৩
Central Library, BUET624.183 NIL/198677829624_183000000000000_NIL_1986 Rental section 2024-12-04 Central Library, BUET  1990-10-23  Rental Item 2024-12-04 ১০/ক-১৪
Central Library, BUET624.183 NIL/198677830624_183000000000000_NIL_1986 Rental section 2024-12-04 Central Library, BUET  1990-10-23  Rental Item 2024-12-04 ১০/ক-১৫
Central Library, BUET624.183 NIL/198677831624_183000000000000_NIL_1986 Rental section 2024-12-04 Central Library, BUET  1990-10-23  Rental Item 2024-12-04 ১০/ক-১৬
Central Library, BUET624.183 NIL/198677832624_183000000000000_NIL_1986 Rental section 2024-12-04 Central Library, BUET  1990-10-23  Rental Item 2024-12-04 ১০/ক-১৭
Central Library, BUET624.183 NIL/198677833624_183000000000000_NIL_1986 Rental section 2024-12-04 Central Library, BUET  1990-10-23  Rental Item 2024-12-04 ১০/ক-১৮
Central Library, BUET624.183 NIL/198677834624_183000000000000_NIL_1986 Rental section 2024-12-04 Central Library, BUET  1990-10-23  Rental Item 2024-12-04 ১০/ক-১৯
Central Library, BUET624.183 NIL/198677835624_183000000000000_NIL_1986 Rental section 2024-12-04 Central Library, BUET  1990-10-23  Rental Item 2024-12-04 ১০/ক-২০